Human Resource management (Record no. 346904)
[ view plain ]
| 000 -LEADER | |
|---|---|
| fixed length control field | 00448 a2200181 4500 |
| 003 - CONTROL NUMBER IDENTIFIER | |
| control field | OSt |
| 005 - DATE AND TIME OF LATEST TRANSACTION | |
| control field | 20220913120459.0 |
| 008 - FIXED-LENGTH DATA ELEMENTS--GENERAL INFORMATION | |
| fixed length control field | 160428b xxu||||| |||| 00| 0 eng d |
| 020 ## - INTERNATIONAL STANDARD BOOK NUMBER | |
| International Standard Book Number | 8131713032 |
| 040 ## - CATALOGING SOURCE | |
| Transcribing agency | 0 |
| 082 ## - DEWEY DECIMAL CLASSIFICATION NUMBER | |
| Classification number | 658.3 |
| Author Mark | DES |
| 100 ## - MAIN ENTRY--PERSONAL NAME | |
| Personal name | Gary Dessler |
| 9 (RLIN) | 26229 |
| 245 ## - TITLE STATEMENT | |
| Title | Human Resource management |
| Statement of responsibility, etc. | Gary Dessler |
| 250 ## - EDITION STATEMENT | |
| Edition statement | 10th |
| 260 ## - PUBLICATION, DISTRIBUTION, ETC. | |
| Place of publication, distribution, etc. | New Delhi |
| Date of publication, distribution, etc. | 2008 |
| Name of publisher, distributor, etc. | Dorling Kindersley |
| 300 ## - PHYSICAL DESCRIPTION | |
| Extent | 743p |
| 942 ## - ADDED ENTRY ELEMENTS (KOHA) | |
| Koha item type | Book |
| Call number prefix | 658.3 DES |
| Source of classification or shelving scheme | |
| Withdrawn status | Lost status | Damaged status | Not for loan | Permanent Location | Current Location | Date acquired | Total Checkouts | Total Renewals | Full call number | Barcode | Date last seen | Date last checked out | Price effective from | Koha item type | Source of classification or shelving scheme | Checked out |
|---|---|---|---|---|---|---|---|---|---|---|---|---|---|---|---|---|
| Central Library (CL) | Central Library (CL) | 08/28/2013 | 7 | 2 | 658.3 DES | NBS7361 | 10/11/2024 | 02/01/2024 | 08/28/2013 | Book | ||||||
| Central Library (CL) | Central Library (CL) | 08/28/2013 | 6 | 1 | 658.3 DES | NBS6101 | 06/09/2022 | 02/19/2017 | 08/28/2013 | Book | ||||||
| Central Library (CL) | Central Library (CL) | 09/13/2022 | 3 | 6 | 658.3 DES | CL-D-1839 | 01/26/2026 | 01/26/2026 | 09/13/2022 | Book | 02/25/2026 |
